LEADER 01056nam0 2200301 450 001 000039454 005 20141127103230.0 010 $a978-88-568-1626-6 100 $a20141106d2010----km-y0itaa50------ba 101 0 $aita 102 $aIT 200 1 $aDa vicino e da lontano$efotografi e fotografia in Lucania$fa cura di Ferdinando Mirizzi 210 $aMilano$cFranco Angeli$d2010 215 $a288 p., [24] carte di tav.$cill.$d23 cm 225 2 $aImagines$v6 410 0$12001$aImagines$v6 606 1 $aFotografia$yBasilicata 676 $a770.1$v(22. ed.)$9Fotografia. Filosofia e teoria 702 1$aMirizzi,$bFerdinando 801 0$aIT$bUniversità della Basilicata - B.I.A.$gREICAT$2unimarc 912 $a000039454 996 $aDa vicino e da lontano$9100642 997 $aUNIBAS BAS $aLETTERE CAT $aEXT016$b01$c20141106$lBAS01$h1029 CAT $aMDL$b30$c20141127$lBAS01$h1032 FMT Z30 -1$lBAS01$LBAS01$mBOOK$1BASA4$APolo di Matera$2DID$BDidattica$3MSR/112728$6112728$5L112728$820141106$f04$FPrestabile Didattica